A liberalismus bün [!bűn] égető kérdések /
Elmentve itt :
| Szerző: | |
|---|---|
| További közreműködők: | |
| Dokumentumtípus: | Könyv |
| Megjelent: |
1888
|
| Kulcsszavak: | Liberalizmus - kritika |
| Online Access: | http://misc.bibl.u-szeged.hu/24581 |
| LEADER | 00540nam a2200157 i 4500 | ||
|---|---|---|---|
| 001 | misc24581 | ||
| 005 | 20191111104235.0 | ||
| 008 | 170831s1888 hu o 0|| zxx d | ||
| 040 | |a SZTE Miscellanea Repozitórium |b hun | ||
| 041 | |a zxx | ||
| 100 | 2 | |a Sardá y Salvany Felix | |
| 245 | 1 | 2 | |a A liberalismus bün [!bűn] |h [elektronikus dokumentum] : |b égető kérdések / |c Sardá y Salvany Felix |
| 260 | |c 1888 | ||
| 695 | |a Liberalizmus - kritika | ||
| 700 | 0 | 1 | |a Csápori Gyula |
| 856 | 4 | 0 | |u http://misc.bibl.u-szeged.hu/24581/1/011_022.pdf |z Dokumentum-elérés |